| 000 | 01047nam a2200337 a 4500 | ||
|---|---|---|---|
| 005 | 20150620020002.0 | ||
| 008 | 140120b1997 ck ||||| |||| 00| 0 spa d | ||
| 040 | _cCO-BhIH | ||
| 041 | _aspa | ||
| 090 |
_aIAvH _b00058 |
||
| 100 |
_aGast, Fernando _94240 |
||
| 245 | _aBosque seco tropical (Bs-T) en Colombia | ||
| 260 |
_aVilla de Leyva (Boyacá) _bInstituto Alexander von Humboldt _c1997 |
||
| 300 | _a151 p. | ||
| 650 |
_aBosque seco tropical _930887 |
||
| 650 |
_aClima _930888 |
||
| 650 |
_aDistribución geográfica _930889 |
||
| 650 |
_aBiogeografía _930890 |
||
| 650 |
_aVegetación _930891 |
||
| 650 |
_aInvertebrados _930892 |
||
| 650 |
_aVertebrados _930893 |
||
| 650 |
_aEspecies endémicas _930894 |
||
| 650 |
_aServicios ambientales _930895 |
||
| 662 | _aColombia | ||
| 700 |
_aEscobar Sarria, Federico _93531 |
||
| 700 |
_aRepizzo, Augusto _94235 |
||
| 700 |
_aAlvarez R., Mauricio _94175 |
||
| 700 |
_aMendoza Cifuentes, Humberto _94236 |
||
| 700 |
_aVillarreal Leal, Hector Fernando _94237 |
||
| 942 |
_cINFORME _2z _03 |
||
| 999 |
_c1694 _d1694 |
||